000
00329nam a22001457a 4500
008
230412b ||||| |||| 00| 0 eng d
020
_a
9781319036218
041
_a
eng
080
_2
FOURTH EDITION
_a
37
082
_a
37KIR
100
_a
22
101
_a
EDUKIM
245
_a
FOCUS ON WRITING
_c
KIRSZNER.G.L
942
_2
udc
_c
BK
999
_c
59518
_d
59518